Pick a Chicken Dish Quiz Stats

 Plays Quiz Updated Oct 15, 2018

Score 0/16 Timer 05:00
8 Plays Today
% Correct
Buffalo wings
86.1%
Chicken parmigiana
84.2%
Beer can chicken
81.5%
Cock-a-leekie soup
81.1%
Arroz con pollo
80.5%
Chicken Kiev
80.1%
Kung Pao chicken
79.4%
Satay ayam
69.7%
% Correct
Jamaican jerk chicken
68%
Chicken paprikash
60%
Cordon bleu
59.3%
Coq au vin
56.9%
Coronation chicken
48.4%
Beggar's chicken
48.4%
Samgyetang
47.3%
Chicken tikka
41.7%

You're not logged in!

Compare scores with friends on all Sporcle quizzes.
OR
Log In

Sporcle TV

Today on Sporcle TV


Watch our educational content, quiz creation guides, and fun videos on Sporcle TV.

Show Comments

Extras

Top Quizzes Today


Score Distribution

Your Account Isn't Verified!

In order to create a playlist on Sporcle, you need to verify the email address you used during registration. Go to your Sporcle Settings to finish the process.

Report this User

Report this user for behavior that violates our Community Guidelines.

Details: